000 01068nam a2200313 a 4500
001 000009792
003 DO-SdBNP
005 20250717074015.0
007 ta
008 091001s1986 dr a 000 p spa d
040 _aDO-SdBNP
_bspa
_cBNPHU
_erda
041 _hspa
082 4 _aRD861.44
_bC697v
_222
100 1 _aCollado, Miguel A.,
_d1954-
_eautor
_924696
_4aut.
245 1 3 _aEl viento y yo /
_cMiguel A. Collado
264 4 _aSanto Domingo :
_bBiblioteca Nacional Pedro Henríquez Ureña (BNPHU),
_c©1986.
300 _a34 páginas :
_bilustraciones ;
_c21 cm.
336 _atexto
_btxt
_2rdacontent
337 _asin mediación
_bn
_2rdamedia
338 _avolumen
_bnc
_2rdacarrier
490 0 _aColección Orfeo
500 _aIncluye datos biográficos del autor en la contracubierta
590 _aInventariado, 2018/BT
650 7 _aPoesía dominicana
_966
_2LEMB
650 7 _aLiteratura dominicana.
_967
_2LEMB
710 2 _aBiblioteca Nacional Pedro Henríquez Ureña
_981292
910 _aValidado. Control de calidad. MMOLINA
942 _2ddc
_cLBS1
999 _c9551
_d9551